[Event "77th GEO-ch Women 2020"]
[Site "Tbilisi"]
[Date "2020.07.28"]
[Round "7.2"]
[White "Batsiashvili, Nino"]
[Black "Gvetadze, Sofio"]
[Result "1-0"]
[WhiteElo "2457"]
[BlackElo "2308"]
[Annotator "TA"]
[PlyCount "107"]
[EventDate "2020.07.21"]
[EventType "tourn"]
[EventCountry "GEO"]
[SourceTitle "playchess.com"]
[Source "ChessBase"]
[SourceQuality "1"]

{[%evp 9,107,0,16,10,43,-1,54,11,37,18,38,19,83,85,76,70,124,94,126,65,139,98,99,93,101,87,75,-168,-168,-205,60,72,157,132,175,179,176,181,166,160,164,171,223,198,164,0,202,0,160,0,130,45,45,49,64,42,79,0,243,243,223,223,379,396,433,433,415,320,276,143,166,172,170,163,610,601,576,579,544,442,535,564,647,647,827,825,1216,1134,1764,519,1749,858,1690,1598,1711,1564,3597,2450,29988,29986]} 1. d4 Nf6 2. c4 e6 3. Nc3 Bb4 4. e3 O-O 5. Bd2 Re8 {[#]} 6. a3 $146 {E46: Nimzo-Indian: Rubinstein: 4 e3 0-0 5 Ne2 without early Bd3.} ({Predecessor:} 6. Bd3 b6 7. Nf3 Bb7 8. O-O c5 9. a3 Ba5 10. b4 cxb4 11. Nb5 Bxf3 12. Qxf3 Nc6 13. Nd6 {1-0 (36) Aleksandrov,A (2602)-Shengelia,D (2512) Batumi 2018}) 6... Bf8 7. Nf3 (7. e4 $5 {[%cal Re4e5]} d5 8. e5 $14) 7... d6 (7... d5 $11) 8. Bd3 {White is slightly better.} Nbd7 (8... e5 $5 {[%cal Re5e4]} 9. Qc2 exd4 10. Nxd4 g6 $11) 9. Qc2 e5 10. O-O-O c6 (10... h6 $11) 11. Ng5 $36 {[%cal Rd3h7][%mdl 2048] Black is under strong pressure.} g6 12. h4 Bh6 (12... Bg7 $14) 13. f4 Nf8 14. f5 (14. dxe5 $16 dxe5 15. f5) 14... Ng4 ({Black should play} 14... Bxf5 $14 15. Bxf5 gxf5) 15. Rdf1 f6 16. Qd1 exd4 17. exd4 Ne3 {[%mdl 64] Double Attack} 18. Qf3 $2 (18. Bxe3 $1 $16 {is forced if you want to stay better.} Rxe3 19. fxg6 fxg5 20. Qh5 Rxd3 21. gxh7+ (21. Qxh6 Rxc3+ 22. bxc3 Nxg6 $16) 21... Kh8 22. Qxh6) 18... Nxf1 $19 19. Rxf1 fxg5 $2 (19... Bxf5 $1 $19 20. Bxf5 gxf5) 20. f6 $14 Kf7 (20... Bf5 $142 21. hxg5 Ne6 {[%mdl 64] Double Attack} 22. f7+ Kxf7 23. gxh6 Nxd4) 21. hxg5 $16 Be6 22. d5 cxd5 23. cxd5 ({Resist} 23. gxh6 Qd7 $16) (23. Nxd5 $6 Bxg5 24. Bxg5 Qa5 $11) 23... Bd7 24. gxh6 Rc8 25. Kb1 {[%mdl 1024] White has strong compensation.} Re5 26. g4 Qb6 27. Qf4 $2 (27. Qg3 $18) 27... a6 $2 (27... g5 $11 28. Qg3 Qd4) 28. a4 $2 (28. Re1 $18) 28... a5 $2 ({Better is} 28... g5 $11 29. Qf3 Qd4) 29. Nb5 $2 (29. Re1 $16) 29... Rxd5 (29... Bxb5 $11 30. Bxb5 g5) 30. Bc4 (30. Qf3 $1 $16 {[%cal Rf3d5]} Rxd3 31. Qxd3 Bxb5 32. axb5) 30... Rxc4 $1 $14 31. Qxc4 Be6 32. Qe2 {Black must now prevent Be3.} Re5 {[#]} 33. Qf3 (33. Bxa5 $1 $16 Qc6 34. Qd1) 33... Bd5 $2 (33... Bc4 $11 {and Black is okay.}) 34. Qa3 $18 Re6 35. g5 Bc4 $2 (35... Bc6 {is a better defense.} 36. Qb3 Qc5) 36. Rc1 d5 37. Bf4 Bxb5 38. axb5 Qxb5 39. Qc5 ({White should try} 39. Rc8 $18 {[%csl Ga3][%cal Rc8f8]} Re1+ 40. Bc1) 39... Qxc5 40. Rxc5 $16 {[%mdl 4096] Endgame And now Rc7+ would win. KRB-KRN} Re1+ 41. Bc1 Ke6 $2 {[#]} (41... Ne6 42. Rxd5 b6) 42. Rc8 $1 $18 {[%cal Rc8e8]} Kf7 {next ...Ne6 is good for Black.} 43. Rc7+ {[%mdl 64] Double Attack} Ke8 44. Kc2 b6 45. Rb7 Re6 46. b3 Re2+ 47. Kd3 Rf2 {[#]} 48. Be3 $1 {[%mdl 512]} Rf5 49. Re7+ Kd8 50. Bxb6+ Kc8 51. Be3 Nd7 52. Rxh7 Ne5+ 53. Ke2 Ng4 54. Re7 {White used his chance. Accuracy: White = 61%, Black = 41%.} 1-0

[Event "77th GEO-ch Women 2020"]
[Site "Tbilisi"]
[Date "2020.07.28"]
[Round "7.3"]
[White "Javakhishvili, Lela"]
[Black "Tsotsonava, Elene"]
[Result "1-0"]
[WhiteElo "2475"]
[BlackElo "2012"]
[Annotator "TA"]
[PlyCount "79"]
[EventDate "2020.07.21"]
[EventType "tourn"]
[EventCountry "GEO"]
[SourceTitle "playchess.com"]
[Source "ChessBase"]
[SourceQuality "1"]

{[%evp 18,79,22,16,32,0,22,13,22,20,32,20,30,40,48,24,39,32,81,75,79,81,84,69,67,66,72,52,92,93,93,93,93,102,93,93,71,87,87,85,87,35,35,35,35,32,33,19,16,9,9,6,12,8,83,78,123,117,1398,1409,1660,414,1652,1629]} 1. Nf3 d5 2. e3 Nf6 3. c4 e6 4. b3 c5 5. Bb2 Nc6 6. cxd5 exd5 7. Be2 Bd6 8. O-O O-O 9. d4 cxd4 10. Nxd4 Re8 {A13: English Opening: 1...e6.} 11. Nd2 Nxd4 12. Bxd4 Bf5 {The position is equal.} 13. Nf3 Ne4 14. Bb2 {[#]} Bc5 $146 ({Predecessor:} 14... a6 15. Qd4 Nf6 16. Rac1 Be4 17. Rfd1 Qd7 18. h3 Rad8 19. b4 h6 20. Qc3 Rc8 {½-½ (31) Marquez Abreu,C (2418)-Sanchez Rodenas,J (2343) ICCF email 2017}) 15. Rc1 Rc8 16. Nd4 Qf6 17. Ba1 $36 {[%mdl 2048] White is more active.} Bxd4 18. Qxd4 Qxd4 19. Bxd4 a6 20. g4 Bd7 21. Rfd1 f5 22. h3 fxg4 23. hxg4 Rf8 24. Rxc8 Rxc8 25. f3 Nc3 26. Bxc3 $1 Rxc3 27. Rxd5 $16 {[%mdl 4096] Endgame KRB-KRB} Bc6 28. Rd8+ Kf7 29. Kf2 ({White should try} 29. Bc4+ $16 Ke7 30. Rg8) 29... Rc2 $14 {[#] And now ...Bb5 would win.} 30. a4 Ke7 31. Rg8 Kf6 32. Rf8+ Ke7 33. Rc8 Rb2 34. Rc7+ Kf6 35. e4 Rxb3 {[#]} (35... h6 $11 {remains equal.}) 36. Bc4 $1 $16 {[%cal Rc4b3]} Rb2+ 37. Ke3 {Hoping for f4.} Bxa4 $2 {[%mdl 8192]} (37... Rb4 $16 38. Bxa6 Bxe4) 38. f4 $18 {White threatens g5+ and mate.} Be8 39. e5+ Kg6 40. Re7 {Accuracy: White = 93%, Black = 70%.} 1-0

[Event "77th GEO-ch Women 2020"]
[Site "Tbilisi"]
[Date "2020.07.28"]
[Round "7.4"]
[White "Arabidze, Meri"]
[Black "Vakhania, Alexsandra"]
[Result "1-0"]
[WhiteElo "2428"]
[BlackElo "2138"]
[Annotator "ChessBase"]
[PlyCount "109"]
[EventDate "2020.07.21"]
[EventType "tourn"]
[EventCountry "GEO"]
[SourceTitle "playchess.com"]
[Source "ChessBase"]
[SourceQuality "1"]
[TimeControl "5400+30"]

1. c4 {[%emt 0:00:00]} f5 {[%emt 0:00:07]} 2. d4 {[%emt 0:01:09]} e6 {[%emt 0:00:09]} 3. g3 {[%emt 0:00:33]} Nf6 {[%emt 0:00:07]} 4. Bg2 {[%emt 0:00:09]} d5 {[%emt 0:00:11]} 5. Nh3 {[%emt 0:00:35]} c6 {[%emt 0:00:09]} 6. O-O {[%emt 0:00:12]} Bd6 {[%emt 0:00:08]} 7. Bf4 {[%emt 0:00:24]} O-O {[%emt 0:00:09]} 8. Nd2 {[%emt 0:02:24]} h6 {[%emt 0:00:24]} 9. Bxd6 {[%emt 0:01:56]} Qxd6 {[%emt 0:00:30]} 10. Nf4 {[%emt 0:00:25]} g5 {[%emt 0:03:31]} 11. Ng6 {[%emt 0:06:23]} Rf7 {[%emt 0:03:01]} 12. Ne5 {[%emt 0:02:56]} Rg7 {[%emt 0:00:06]} 13. Rb1 {[%emt 0:05:44]} Bd7 {[%emt 0:01:30]} 14. b4 {[%emt 0:05:35]} Be8 {[%emt 0:00:42]} 15. a4 {[%emt 0:06:01]} Nbd7 {[%emt 0:00:33]} 16. Nxd7 {[%emt 0:02:23]} Bxd7 {[%emt 0:02:34]} 17. b5 {[%emt 0:01:28]} Rf8 {[%emt 0:00:23]} 18. Qc2 {[%emt 0:07:10]} Be8 {[%emt 0:07:40]} 19. bxc6 {[%emt 0:07:06]} Bxc6 {[%emt 0:01:07]} 20. cxd5 {[%emt 0:07:09]} Bxd5 {[%emt 0:01:02]} 21. Bxd5 {[%emt 0:02:23]} Qxd5 {[%emt 0:02:36]} 22. e3 {[%emt 0:06:00]} f4 {[%emt 0:01:22]} 23. Rb5 {[%emt 0:02:42]} Qd7 {[%emt 0:02:40]} 24. Qb3 {[%emt 0:08:26]} Ng4 {[%emt 0:05:17]} 25. exf4 {[%emt 0:05:14]} gxf4 {[%emt 0:00:42]} 26. Ne4 {[%emt 0:02:45]} fxg3 {[%emt 0:04:15]} 27. hxg3 {[%emt 0:00:09]} Qxd4 {[%emt 0:06:49]} 28. Qxe6+ {[%emt 0:01:29]} Kh8 {[%emt 0:03:42]} 29. Rf5 {[%emt 0:02:17]} Rfg8 {[%emt 0:00:27]} 30. Rf4 {[%emt 0:05:43]} Rg6 {[%emt 0:07:30]} 31. Qe7 Qe5 {[%emt 0:08:16]} 32. Qxb7 {[%emt 0:04:17]} Rb6 {[%emt 0:17:01]} 33. Qxa7 {[%emt 0:02:46]} Rb4 {[%emt 0:01:22]} 34. Re1 {[%emt 0:00:56]} Rg7 {[%emt 0:06:04]} 35. Qa8+ {[%emt 0:00:16]} Rb8 {[%emt 0:03:53]} 36. Rf8+ {[%emt 0:00:52]} Rxf8 {[%emt 0:00:04]} 37. Qxf8+ {[%emt 0:00:04]} Kh7 {[%emt 0:00:03]} 38. Qc5 {[%emt 0:00:43]} Qb8 {[%emt 0:02:32]} 39. Qf5+ {[%emt 0:00:22]} Kh8 {[%emt 0:00:37]} 40. Rc1 {[%emt 0:00:48]} Rg8 {[%emt 0:00:40]} 41. Nf6 {[%emt 0:01:56]} Nxf6 {[%emt 0:00:25]} 42. Qxf6+ {[%emt 0:00:02]} Kh7 {[%emt 0:00:06]} 43. Qf7+ {[%emt 0:00:23]} Kh8 {[%emt 0:00:31]} 44. Rc7 {[%emt 0:01:10]} Qb1+ {[%emt 0:02:11]} 45. Kh2 {[%emt 0:00:07]} Qg6 {[%emt 0:00:04]} 46. Qxg6 {[%emt 0:00:36]} Rxg6 {[%emt 0:00:05]} 47. Ra7 {[%emt 0:00:42]} Rc6 {[%emt 0:00:22]} 48. a5 {[%emt 0:00:05]} Rc2 {[%emt 0:00:25]} 49. Kg2 {[%emt 0:00:21]} Ra2 {[%emt 0:00:03]} 50. a6 {[%emt 0:00:17]} Kg8 {[%emt 0:00:06]} 51. Kf3 {[%emt 0:00:28]} Ra4 {[%emt 0:00:20]} 52. g4 {[%emt 0:00:22]} Kh8 {[%emt 0:00:19]} 53. Kg3 {[%emt 0:00:15]} Kg8 {[%emt 0:00:59]} 54. Kh4 {[%emt 0:00:16]} Rf4 {[%emt 0:01:01]} 55. Rb7 {[%emt 0:00:26]} 1-0

[Event "77th GEO-ch Women 2020"]
[Site "Tbilisi"]
[Date "2020.07.28"]
[Round "7.5"]
[White "Melia, Salome"]
[Black "Khomeriki, Nino"]
[Result "1-0"]
[WhiteElo "2370"]
[BlackElo "2319"]
[Annotator "ChessBase"]
[PlyCount "65"]
[EventDate "2020.07.21"]
[EventType "tourn"]
[EventCountry "GEO"]
[SourceTitle "playchess.com"]
[Source "ChessBase"]
[SourceQuality "1"]
[TimeControl "5400+30"]

1. e4 {[%emt 0:00:00]} c5 {[%emt 0:00:00]} 2. Nf3 {[%emt 0:00:00]} Nc6 {[%emt 0:00:00]} 3. Bb5 {[%emt 0:02:03]} g6 {[%emt 0:00:00]} 4. Bxc6 {[%emt 0:01:31]} bxc6 {[%emt 0:00:01]} 5. O-O {[%emt 0:00:17]} Bg7 {[%emt 0:00:04]} 6. Re1 {[%emt 0:00:12]} Qc7 {[%emt 0:00:11]} 7. c3 {[%emt 0:01:02]} d6 {[%emt 0:00:14]} 8. h3 {[%emt 0:00:32]} Nf6 {[%emt 0:00:32]} 9. d4 {[%emt 0:00:42]} cxd4 {[%emt 0:00:15]} 10. cxd4 {[%emt 0:00:02]} O-O {[%emt 0:00:17]} 11. Nc3 {[%emt 0:01:53]} c5 {[%emt 0:00:35]} 12. dxc5 {[%emt 0:06:48]} dxc5 {[%emt 0:00:08]} 13. Bg5 {[%emt 0:01:35]} Rd8 {[%emt 0:09:53]} 14. Qc1 {[%emt 0:00:36]} Be6 {[%emt 0:04:10]} 15. Bh6 {[%emt 0:06:55]} Rac8 {[%emt 0:05:20]} 16. Bxg7 {[%emt 0:07:51]} Kxg7 {[%emt 0:00:25]} 17. Qe3 {[%emt 0:00:12]} Qb6 {[%emt 0:04:10]} 18. Rab1 {[%emt 0:09:53]} h6 {[%emt 0:03:33]} 19. Qf4 {[%emt 0:09:52]} c4 {[%emt 0:05:44]} 20. e5 {[%emt 0:05:27]} Nd5 {[%emt 0:03:00]} 21. Qh4 {[%emt 0:00:32]} g5 {[%emt 0:14:50]} 22. Nxg5 {[%emt 0:07:58]} hxg5 {[%emt 0:02:42]} 23. Qxg5+ {[%emt 0:00:06]} Kf8 {[%emt 0:00:06]} 24. Rbd1 {[%emt 0:11:12]} Qxb2 {[%emt 0:11:00]} 25. Qh6+ {[%emt 0:02:13]} Ke8 {[%emt 0:02:41]} 26. Nxd5 {[%emt 0:02:18]} Kd7 {[%emt 0:04:48]} 27. Nb6+ {[%emt 0:06:19]} Kc7 {[%emt 0:00:12]} 28. Nxc8 {[%emt 0:00:17]} Rxc8 {[%emt 0:00:06]} 29. Qe3 {[%emt 0:01:32]} Qb6 {[%emt 0:00:25]} 30. Qa3 {[%emt 0:01:23]} Re8 {[%emt 0:00:07]} 31. Rb1 {[%emt 0:00:23]} Qd4 {[%emt 0:00:04]} 32. Qa5+ {[%emt 0:00:59]} Kc8 {[%emt 0:00:22]} 33. Qa6+ {[%emt 0:01:16]} 1-0

[Event "77th GEO-ch Women 2020"]
[Site "Tbilisi"]
[Date "2020.07.29"]
[Round "8.1"]
[White "Khotenashvili, Bela"]
[Black "Khomeriki, Nino"]
[Result "1-0"]
[WhiteElo "2458"]
[BlackElo "2319"]
[Annotator "TA"]
[PlyCount "95"]
[EventDate "2020.07.21"]
[EventType "tourn"]
[EventCountry "GEO"]
[SourceTitle "playchess.com"]
[Source "ChessBase"]
[SourceQuality "1"]

{[%evp 15,95,4,11,0,21,23,29,23,59,10,33,24,22,14,27,34,80,75,91,87,100,80,68,65,110,77,98,98,106,66,77,48,97,87,87,57,65,43,90,0,59,1,33,21,36,18,23,14,70,50,93,87,99,86,214,213,332,330,321,345,365,365,374,318,440,427,431,431,475,462,597,482,464,479,489,481,490,472,646,643,629,624]} 1. Nf3 d5 2. g3 c6 3. Bg2 Bg4 4. c4 e6 5. O-O Nd7 6. cxd5 exd5 7. Nc3 Ngf6 8. d4 Bd6 9. Nh4 $1 {[%mdl 4] now scores much better than the old 9.Qc2. A07: Réti Opening: New York and Capablanca Systems.} O-O 10. f3 Bh5 11. Qc2 {White has an edge.} Re8 {[#]} 12. e3 $146 ({Predecessor:} 12. e4 dxe4 13. fxe4 Qb6 14. Nf5 Bf8 15. Na4 Qa6 16. Re1 Bg6 17. Bf4 b5 18. Nc5 Nxc5 19. dxc5 Bxf5 20. exf5 Rxe1+ 21. Rxe1 Qxa2 {½-½ (39) Leszko,B (2096)-Kincs,I (2210) Balatonlelle 2018}) 12... c5 13. Qf2 Nf8 14. Nf5 cxd4 15. Nxd6 dxe3 16. Bxe3 Qxd6 17. Bxa7 Ne6 {Threatens to win with ...d4.} 18. Rad1 h6 19. a3 Ng5 {aiming for ...Bxf3!} 20. Kh1 Ne6 21. Rd2 Qc6 22. Be3 Rad8 23. Ne2 Bg6 24. Rfd1 Rc8 25. Nd4 Qa4 26. Bf1 {Hoping for Bb5.} Re7 27. Bg2 (27. Kg1 $16) 27... Rce8 (27... Ree8 $11) 28. Qf1 (28. Ne2 $14) 28... Nd8 29. Bf2 Nc6 30. Qb5 $36 {[%mdl 2048] White is pushing.} Qxb5 31. Nxb5 Ne5 (31... Na5 $11) 32. b3 Nc6 33. Bf1 Na5 34. Rb2 Nd7 {This costs Black the game.} (34... Rc8 $16) 35. Nc7 $18 {[%mdl 64] [#] Double Attack} Rc8 (35... Rb8 $142 36. Nxd5 Ree8) 36. Nxd5 Re5 37. Nf4 Nf8 38. Nxg6 Nxg6 39. f4 Re7 40. Bb6 {White is clearly winning.} Nc6 41. b4 Ree8 42. a4 {[%cal Ba3a4,Ba4a5][%mdl 32]} Nge7 43. Bh3 Ra8 44. a5 Nc8 45. Bf2 N8a7 46. Rd7 Reb8 47. Bg2 Nb5 {[#]} 48. Rxb7 $1 {[%mdl 512] Accuracy: White = 80%, Black = 49%.} 1-0

[Event "77th GEO-ch Women 2020"]
[Site "Tbilisi"]
[Date "2020.07.29"]
[Round "8.2"]
[White "Vakhania, Alexsandra"]
[Black "Melia, Salome"]
[Result "1/2-1/2"]
[WhiteElo "2138"]
[BlackElo "2370"]
[Annotator "TA"]
[PlyCount "121"]
[EventDate "2020.07.21"]
[EventType "tourn"]
[EventCountry "GEO"]
[SourceTitle "playchess.com"]
[Source "ChessBase"]
[SourceQuality "1"]

{[%evp 9,121,0,0,-4,0,0,0,0,9,0,49,49,57,-12,-7,-18,-10,-26,0,0,0,0,-3,0,37,38,39,33,64,52,46,40,36,18,15,14,16,14,15,19,15,0,0,0,0,0,0,0,0,0,0,0,0,-50,-57,-87,-89,-113,-106,-101,-42,-28,-8,-18,0,0,0,0,8,8,8,8,401,361,245,137,512,479,487,466,426,70,70,70,875,789,595,476,2336,1700,1692,1692,1692,1597,1692,1692,1685,8,8,8,8,8,853,8,8,8,8,8,8,8,8,0,0,0]} 1. d4 c5 2. d5 g6 3. e4 Bg7 4. f4 d6 5. Nf3 Nf6 6. Bb5+ {A43: Schmid Benoni.} Bd7 7. Bxd7+ Qxd7 8. Nc3 O-O 9. O-O Na6 10. e5 Ne8 {[#]} 11. e6 $146 (11. Qe2 $14) ({Predecessor:} 11. Ne4 b5 12. a4 b4 13. c4 bxc3 14. bxc3 c4 15. Ra2 Rc8 16. Be3 Qf5 17. Nf2 dxe5 18. Nxe5 Bxe5 19. fxe5 Qxe5 {1-0 (34) Saiboulatov,D (2370)-Vaugeois,S (2094) France 2009}) 11... fxe6 $11 12. dxe6 Qxe6 13. Re1 Qd7 14. Ne5 $36 {[%mdl 2048] White is more active.} Bxe5 15. fxe5 Nac7 16. Bh6 Ng7 17. exd6 exd6 18. Ne4 b6 19. Qxd6 Qxd6 20. Nxd6 Nce6 21. Rad1 Rfd8 22. c3 Rd7 $1 {aiming for ...Rad8.} 23. Ne4 Rxd1 24. Rxd1 Nf5 25. Bg5 Nxg5 26. Nxg5 {[%mdl 4096] Endgame KRN-KRN} Re8 27. g4 Ne3 28. Re1 Re7 29. h3 h6 30. Nf3 Nd5 31. Rd1 Nf4 32. h4 Re2 33. Rd2 Rxd2 $1 34. Nxd2 $17 {KN-KN} Nd3 (34... Kf7 $17 35. Kh2 Ke6) 35. Nc4 $1 $15 b5 36. Nd6 a6 37. c4 b4 38. b3 Kf8 39. Kf1 Ke7 40. Nb7 Ke6 $2 {[%mdl 8192]} (40... a5 $11) 41. Ke2 $18 Nc1+ 42. Ke3 (42. Kd2 $1 $18 {[%cal Rd2c1]} Nxa2 43. Nxc5+ Ke7 44. Nxa6) 42... Ke5 $2 {[%mdl 8192]} (42... Nxa2 $16 {is tougher.} 43. Nxc5+ Kd6 44. Nxa6 Nc1 45. Nxb4 Nxb3) 43. Nxc5 Nxa2 44. Nxa6 Nc1 45. Nxb4 $2 ({Only move:} 45. Nc5 $18 {Threatens to win with Nd3+.} Kf6 46. Kd2) 45... Nxb3 $14 46. Nd3+ Ke6 $2 {[%mdl 8192]} (46... Kd6 $14 47. Kf4 Nd2) 47. Nf4+ $18 Kf6 48. Ke4 g5 (48... Nd2+ $142 49. Kd5 g5) 49. Nd5+ Ke6 50. h5 Nc5+ 51. Kd4 Nb3+ 52. Kc3 Nc5 {[#]} 53. Kb4 $2 ({White has to play} 53. Ne3 $1 $18 Ne4+ 54. Kd4) 53... Nd3+ $1 $11 54. Kb5 {Ne3 is the strong threat.} Ke5 $1 55. Nb4 Nc1 $2 {[%mdl 8192] [#]} (55... Nf2 $11) 56. c5 $2 (56. Kb6 $1 $18) 56... Nb3 $1 {The position is equal.} 57. Nd3+ Ke4 $1 {[%cal Re4d3]} 58. Kb4 Nxc5 59. Nxc5+ Kf4 60. Nd7 {Black must now prevent Nf6.} Kxg4 61. Nf6+ {Accuracy: White = 70%, Black = 64%.} 1/2-1/2

[Event "77th GEO-ch Women 2020"]
[Site "Tbilisi"]
[Date "2020.07.29"]
[Round "8.3"]
[White "Tsotsonava, Elene"]
[Black "Arabidze, Meri"]
[Result "0-1"]
[WhiteElo "2012"]
[BlackElo "2428"]
[Annotator "TA"]
[PlyCount "90"]
[EventDate "2020.07.21"]
[EventType "tourn"]
[EventCountry "GEO"]
[SourceTitle "playchess.com"]
[Source "ChessBase"]
[SourceQuality "1"]

{[%evp 20,90,30,35,26,26,25,26,17,21,21,14,26,-15,-16,-32,-29,-54,-34,-41,-23,-14,-24,-112,-130,-113,-114,-195,-201,-200,-188,-214,-198,-211,-216,-204,-210,-215,-212,-207,-203,-209,-200,-262,-253,-240,-166,-212,-148,-146,-110,-123,-115,-106,-34,-98,0,-114,-84,-118,-116,-276,-286,-571,-533,-504,-535,-2466,-2225,-29976,-29977,-29973,-29969]} 1. e4 e5 2. Nf3 Nc6 3. Bb5 a6 4. Ba4 Nf6 5. O-O Be7 6. Re1 b5 7. Bb3 d6 8. c3 O-O 9. h3 Bb7 10. d4 Re8 11. Nbd2 exd4 {C92: Closed Ruy Lopez: 9...Be6, Karpov and Flohr-Zaitsev Variations.} 12. cxd4 Nd7 13. Nf1 Bf6 {White has an edge.} 14. Ng3 Na5 15. Bc2 g6 $1 16. Bf4 c5 17. Rc1 cxd4 18. b3 Qb6 {[#]} 19. Bb1 $146 ({Predecessor:} 19. Qd2 Ne5 20. Nh2 Rac8 21. Ng4 Nxg4 22. hxg4 Be5 23. Ne2 Rc7 24. Rcd1 Nc6 25. Bb1 {½-½ (49) Abdumalik,Z (2380)-Saduakassova,D (2409) Khanty-Mansiysk 2015}) 19... Nf8 20. Qd2 Bh8 21. Bxd6 (21. h4 $11 {remains equal.}) 21... Nxb3 $1 $17 22. axb3 Qxd6 23. e5 (23. b4 $17 {keeps fighting.}) 23... Bxe5 $19 24. Ne4 Bxe4 25. Rxe4 Bg7 26. Ng5 h6 27. Rxe8 Rxe8 28. Ne4 Qd5 29. Nc5 Ne6 30. Nxa6 Qxb3 31. Ba2 Qa3 32. Nb4 Kh7 33. Rc6 h5 {[#] And now ...Bh6 would win.} 34. Nd3 Qa8 35. Qc2 Qb8 36. g3 Nd8 (36... b4 $17 {Threatens to win with ...h4!} 37. Qc4 Qa7) 37. Rc5 ({White should try} 37. Rc8 $15 Qb7 38. h4) 37... Ne6 38. Rc6 $1 Qb7 39. Bd5 {Hoping for Rxe6.} Qd7 40. Bf3 $2 {Loses the game.} (40. Bg2 $17 {might work better.}) 40... Ng5 $1 {[%csl LRf3,LRh3][%mdl 64] [#] Double Attack} 41. Bxh5 $2 (41. Bg2 Nxh3+ 42. Kh2) 41... gxh5 42. Ne5+ d3 $1 43. Nxd3 Kg8 44. Nf4 Nxh3+ 45. Nxh3 Qxh3 {Accuracy: White = 50%, Black = 79%.} 0-1

[Event "77th GEO-ch Women 2020"]
[Site "Tbilisi"]
[Date "2020.07.29"]
[Round "8.4"]
[White "Gvetadze, Sofio"]
[Black "Javakhishvili, Lela"]
[Result "0-1"]
[WhiteElo "2308"]
[BlackElo "2475"]
[Annotator "TA"]
[PlyCount "104"]
[EventDate "2020.07.21"]
[EventType "tourn"]
[EventCountry "GEO"]
[SourceTitle "playchess.com"]
[Source "ChessBase"]
[SourceQuality "1"]

{[%evp 25,104,4,11,10,11,0,23,23,37,0,43,10,47,38,48,19,36,26,43,38,43,27,50,18,45,40,50,-25,-31,-47,0,0,0,0,0,-70,13,-19,-20,-125,-80,-72,-23,-64,-4,-52,-45,-185,-177,-288,-283,-251,-257,-265,-258,-372,-377,-334,-238,-504,-396,-756,-691,-662,-632,-1195,-1163,-1450,-1447,-1426,-1367,-1258,-1371,-1314,-1236,-1202,-1185,-12841,-3266,-12842,-12843]} 1. e4 c5 2. Nf3 e6 3. d4 cxd4 4. Nxd4 Nc6 5. Nb5 d6 6. c4 Nf6 7. N1c3 a6 8. Na3 Be7 9. Be2 O-O 10. O-O b6 11. Be3 Bb7 12. Rc1 Ne5 13. Qd4 {is the legacy move (13.f3).} Ned7 14. Rfd1 {B44: Sicilian: Taimanov: 5 Nb5.} Re8 15. Nc2 Qc7 16. f3 {White has an edge.} Rac8 17. Kh1 Qb8 18. Bf1 {[#]} Bc6 $146 ({Predecessor:} 18... h6 19. Qd2 Ba8 20. Nd4 Bd8 21. b3 Bc7 22. g3 Bb7 23. Bg2 Qa8 24. Nde2 Kh8 {½-½ (66) Antok,D (2244)-Jovanic,O (2493) Sitges 2008}) 19. Qd2 Ne5 20. Na3 Bf8 21. Bf2 Rcd8 22. Bg3 Bb7 23. Qf2 Bc6 24. Qc2 g5 25. Qd2 h6 26. f4 (26. Qe3 $14) 26... gxf4 $11 27. Bxf4 Kh7 28. Bd3 Qb7 29. Nd5 Bg7 30. Rf1 (30. Bb1 $11) 30... Ng8 (30... Nxd3 $15 31. Qxd3 Nxe4 32. Qxe4+ f5) 31. Be3 Kh8 32. Nc3 {[#]} (32. Nb4 $11 {remains equal.}) 32... f5 $1 {[%cal Rf5e4][%mdl 512]} 33. Be2 (33. exf5 Nxd3) 33... fxe4 34. Nc2 {[#]} Nd3 $1 {[%mdl 512]} 35. Rb1 (35. Bxd3 exd3) 35... b5 $36 {[%mdl 2048] White is under pressure.} 36. cxb5 {Now White is beyond hope.} (36. b3 $15) 36... axb5 $19 37. Nd4 (37. Bxd3 {might work better.} exd3 38. Nb4) 37... Bxd4 $1 38. Bxd4+ e5 39. Be3 d5 {Hoping for ...d4.} 40. Bxh6 (40. Bxd3 $142 exd3 41. Qxd3) 40... d4 41. Qg5 {aiming for Qh5.} dxc3 42. Bh5 $2 (42. Qh5 {was forced.} Bd5 43. Bg5+ Qh7 44. Bxd8 Qxh5 45. Bxh5 Rxd8 46. bxc3) 42... c2 43. Ra1 $2 (43. Rbc1 Qe7 44. Bxe8 Nxc1 {[#]} 45. Bg7+ $1 {[%mdl 512]} Qxg7 46. Qxd8 Nxa2 47. Bxc6) 43... Nf4 {Strongly threatening ...e3!Black is clearly winning.} 44. Bxe8 Rxe8 45. Bf8 Rxf8 46. Qxe5+ Qg7 47. Qxg7+ Kxg7 48. Rf2 e3 49. Rxc2 Be4 50. Rc7+ Kg6 51. Kg1 Ne2+ 52. Kh1 Rf2 {Accuracy: White = 41%, Black = 73%.} 0-1